000 00412nam a2200181Ia 4500
001 21250
005 20260306172905.0
008 260306t2005||||xx |||||||||||||| ||spa||
041 _aESP
082 _a344.5
_bP26
100 _aParma, Carlos
_eAUT
245 0 _aDerecho penal posmoderno
260 _c2005
300 _a134 páginas :
_ccm.
650 _aGEN
654 _aCDE
942 _cLIB
_dJUS
_fJUS
_2ddc
_n
999 _c21250
_d21250